00462nas a22001577a 4500008004100000022001400041245003800055260007300093300000900166546001400175590002500189650002500214856003800239942001200277999001500289130307t20049999ag ||||| |||| 00| 0 spa d a1669-3914 aPilquen,bSeccion: Psicopedagogia aViedma:bCentro Universitario Regional Zona Atlantica (CURZA),c2004 av. : aespañol aIndizada en: Dialnet aPSICOPEDAGOGIA91953 uhttp://www.revistapilquen.com.ar/ 2ddccCR c1232d1232